000 00512nam a22001817a 4500
005 20251108164812.0
008 250721s1994 xx 000 0 ara d
082 1 4 _a811.9565/حسي
100 1 _aحسين، عبد الرزاق
245 1 0 _aدوائر القمر :
_bشعر /
264 1 _aعمان :
_bدار الجيل للنشر،
_c1994.
300 _a113ص.
650 1 7 _aالشعر العربي
650 1 7 _aالعصر الحديث
650 1 7 _aالأردن
942 _2ddc
_cBK
999 _c14708
_d14708